| 000 | 00704nam a2200217 a 4500 | ||
|---|---|---|---|
| 001 | BRCA_6063 | ||
| 005 | 20190320205323.0 | ||
| 008 | 170608s1994----mx-#---###---#000-0#spa-# | ||
| 050 | 4 |
_aAM5 _b.G37 1994 |
|
| 100 | 1 |
_aGarcía, Lorena Conzuelo _915309 |
|
| 245 | 1 | 0 | _aProyecto para una sala de museo. |
| 260 |
_aCiudad de México _c1994 |
||
| 300 | _a164 p. | ||
| 502 | _aTesis Licenciatura (Licenciada en Ciencias de la Comunicación) Universidad Intercontinental | ||
| 650 | 1 | 4 |
_aMuseos _vSalas ambientadas _xProyectos _915310 |
| 650 | 1 | 4 |
_aMuseografía _915311 |
| 700 | 1 |
_aTamés Muñoz, Enrique _easesor _915312 |
|
| 700 | 1 |
_aOntiveros, Francisco _easesor _915313 |
|
| 902 | _aTES | ||
| 942 |
_2lcc _cTES |
||
| 999 |
_c5750 _d5750 |
||